000 00305nam a22001337a 4500
008 180313b xxu||||| |||| 00| 0 eng d
020 _a0309045940
041 _aeng
080 _a321
100 _a20
101 _aSHP
245 _aUnderstanding and Preventing Violence
_cReiss, A.J
942 _2udc
_cBK
999 _c44806
_d44806